Statistics for music trivia: 1969 songs and artists

Click here to take the quiz!

General Stats

  • This quiz has been taken 107 times
    (85 since last reset)
  • The average score is 9 of 15

Answer Stats

for each of these 1969 songs......who is the artist or band responsible?% Correct
Space OddityDavid Bowie
98%
Suspicious MindsElvis Presley
95%
A Boy Named SueJohnny Cash
90%
Lay Lady LayBob Dylan
73%
Time of the SeasonThe Zombies
62%
Crimson and CloverTommy James & the Shondells
51%
In the Year 2525Zager & Evans
51%
These EyesThe Guess Who
48%
Wedding Bell BluesThe Fifth Dimension
46%
Build Me Up ButtercupThe Foundations
46%
OneThree Dog Night
46%
Everybody's Talkin'Harry Nilsson
44%
DizzyTommy Roe
44%
I'm Gonna Make You Love MeDiana Ross & The Supremes & The Temptations
30%
Hot Fun in the SummertimeSly and the Family Stone
27%

Score Distribution

Percentile by Number Answered

Percent of People with Each Score

Your Score History

You have not taken this quiz since the last reset